| 000 | 00595nam a2200193 a 4500 | ||
|---|---|---|---|
| 001 | 000040194 | ||
| 005 | 20201002033956.0 | ||
| 008 | 130814s1959 ag 000 0 spa d | ||
| 040 |
_aDO-SdBNP _bspa _cBNPHU |
||
| 100 | 1 |
_aZwelg, Stefan _966462 |
|
| 245 | 1 | 0 |
_aBrasil : _bpaís del futuro / _cStefan Zwelg ; prólogo Afranio Peixoto. |
| 250 | _a17a ed. | ||
| 260 |
_aBuenos Aires : _bEspasa-Calpe, _c1959. |
||
| 300 |
_a241 p. ; _c19 cm. |
||
| 490 | 1 |
_aAustral _vno. 273 |
|
| 500 | _aIncluye índice de autores | ||
| 700 | 1 |
_aPeixoto, Afranio, _epról. _966463 |
|
| 830 | 0 |
_aAustral _nno. 273 _966464 |
|
| 999 |
_c39684 _d39684 |
||